000 00370nam a2200133Ia 4500
003 GCL
008 140319s9999 xx 000 0 ara d
040 _aGCL /
_cGCL
082 0 4 _aط
_b813.081
_bع ى
100 1 _aعبدالسلام العشرى
245 1 0 _aيوم الصوارى /
_cعبدالسلام العشرى
300 _a96 ض
490 _aايام العرب
_v0
999 _c49327
_d49327